[Event "Titled Tuesday intern op 30th Apr Early"]
[Site "Chess.com INT"]
[Date "2024.04.30"]
[Round "11"]
[White "Novikova, Galina"]
[Black "Prestia, Paris"]
[Result "0-1"]
[WhiteElo "2073"]
[BlackElo "2059"]
[PlyCount "130"]
[EventDate "2024.04.30"]
[EventType "swiss (blitz)"]
[EventRounds "11"]
[EventCountry "USA"]
[SourceTitle "CB19_2024"]
[SourceDate "2024.05.08"]
[SourceVersion "1"]
[SourceVersionDate "2024.05.08"]
[SourceQuality "1"]

1. e4 c5 2. Nf3 d6 3. d4 cxd4 4. Nxd4 Nf6 5. Nc3 g6 6. Be3 Bg7 7. f3 0-0 8. Qd2 Nc6 9. g4 Nxd4 10. Bxd4 Be6 11. h4 Qa5 12. h5 Rfc8 13. hxg6 fxg6 14. g5 Nh5 15. Bxg7 Kxg7 16. Bh3 Bxh3 17. Rxh3 Qe5 18. 0-0-0 Qf4 19. Rdh1 Rf8 20. Nd5 Qxd2+ 21. Kxd2 Rf7 22. Nc7 Rc8 23. Ne6+ Kg8 24. c3 Rc4 25. Ke3 Ra4 26. a3 Ng7 27. Rxh7 Nf5+ 28. exf5 Rxh7 29. Rg1 gxf5 30. g6 Rh6 31. Nd4 Ra5 32. b4 Re5+ 33. Kf4 e6 34. Kg5 Kg7 35. Kf4 Rxg6 36. Rh1 Rh6 37. Rg1+ Kf7 38. a4 Rh4+ 39. Kg3 Rh8 40. Rd1 a6 41. Nb3 Ke7 42. Na5 Rd5 43. Re1 Rc8 44. Re3 e5 45. Re1 f4+ 46. Kg4 Rxc3 47. Rh1 Rxa5 48. bxa5 Ra3 49. Rh7+ Ke6 50. Rxb7 Rxa4 51. Rb8 Rxa5 52. Re8+ Kd5 53. Kf5 Ra3 54. Kg4 Kd4 55. Rd8 d5 56. Re8 a5 57. Kf5 Rxf3 58. Rxe5 a4 59. Re8 a3 60. Ra8 Kc4 61. Ra4+ Kb3 62. Ra5 Kb2 63. Rxd5 a2 64. Rb5+ Rb3 65. Ra5 Ra3 0-1

[Event "Titled Tuesday intern op 30th Apr Early"]
[Site "Chess.com INT"]
[Date "2024.04.30"]
[Round "9"]
[White "Prestia, Paris"]
[Black "Balakrishnan, Praveen"]
[Result "1-0"]
[WhiteElo "2059"]
[BlackElo "2500"]
[PlyCount "71"]
[EventDate "2024.04.30"]
[EventType "swiss (blitz)"]
[EventRounds "11"]
[EventCountry "USA"]
[SourceTitle "CB19_2024"]
[SourceDate "2024.05.08"]
[SourceVersion "1"]
[SourceVersionDate "2024.05.08"]
[SourceQuality "1"]

1. d4 Nf6 2. Bg5 e6 3. Nd2 h6 4. Bh4 c5 5. e3 Be7 6. c3 Nc6 7. Bd3 b6 8. Ngf3 Bb7 9. a4 0-0 10. 0-0 Rc8 11. Qe2 d6 12. Nc4 Nh5 13. Bxe7 Nxe7 14. Ncd2 Nf6 15. a5 bxa5 16. Ra2 cxd4 17. exd4 Ned5 18. Ba6 Qb6 19. Bxb7 Qxb7 20. Rfa1 Rc7 21. c4 Nb4 22. Rxa5 a6 23. b3 Rb8 24. h3 Qc6 25. R1a4 Rcb7 26. Qe3 Qc7 27. g3 Nd7 28. Qe4 d5 29. Qe3 dxc4 30. bxc4 Nf6 31. Qe5 Qd7 32. Ne4 Nc6 33. Nxf6+ gxf6 34. Qxf6 Nxa5 35. Rxa5 Kh7 36. Rh5 1-0

[Event "Titled Tuesday intern op 30th Apr Early"]
[Site "Chess.com INT"]
[Date "2024.04.30"]
[Round "2"]
[White "Prestia, Paris"]
[Black "Osinovsky, Stepan"]
[Result "1-0"]
[WhiteElo "2059"]
[BlackElo "2241"]
[PlyCount "53"]
[EventDate "2024.04.30"]
[EventType "swiss (blitz)"]
[EventRounds "11"]
[EventCountry "USA"]
[SourceTitle "CB19_2024"]
[SourceDate "2024.05.08"]
[SourceVersion "1"]
[SourceVersionDate "2024.05.08"]
[SourceQuality "1"]

1. c4 Nf6 2. Nc3 g6 3. g3 Bg7 4. Bg2 0-0 5. Nf3 d6 6. 0-0 Nbd7 7. b3 e5 8. Bb2 Re8 9. d4 e4 10. Ne1 e3 11. fxe3 Ng4 12. Nc2 Nxe3 13. Nxe3 Rxe3 14. Nd5 Re8 15. e4 c6 16. Ne3 Nf6 17. Qf3 Nxe4 18. Qxf7+ Kh8 19. Qf4 Ng5 20. Nc2 Bf5 21. Qd2 Ne4 22. Qd1 Qg5 23. Bc1 Qe7 24. Ne3 Nc3 25. Qd2 Bxd4 26. Qxd4+ Kg8 27. Qxc3 1-0

[Event "Titled Tuesday intern op 30th Apr Early"]
[Site "Chess.com INT"]
[Date "2024.04.30"]
[Round "8"]
[White "Prestia, Paris"]
[Black "Tikhonov, Viacheslav"]
[Result "1-0"]
[WhiteElo "2059"]
[BlackElo "2160"]
[PlyCount "151"]
[EventDate "2024.04.30"]
[EventType "swiss (blitz)"]
[EventRounds "11"]
[EventCountry "USA"]
[SourceTitle "CB19_2024"]
[SourceDate "2024.05.08"]
[SourceVersion "1"]
[SourceVersionDate "2024.05.08"]
[SourceQuality "1"]

1. d4 Nf6 2. Bf4 d5 3. e3 c5 4. c3 e6 5. Nd2 Qb6 6. Qb3 c4 7. Qxb6 axb6 8. a3 Nc6 9. h3 b5 10. Rc1 Nd7 11. Ngf3 Nb6 12. Rb1 Na4 13. g4 Be7 14. Be2 0-0 15. Bd1 f6 16. Bg3 Bd7 17. e4 dxe4 18. Nxe4 f5 19. Ned2 f4 20. Bh4 Bxh4 21. Nxh4 e5 22. d5 Ne7 23. d6 Nd5 24. Bxa4 Rxa4 25. Ne4 Bc6 26. Nf5 Raa8 27. Rd1 Rad8 28. Ne7+ Nxe7 29. dxe7 Rxd1+ 30. Kxd1 Re8 31. Re1 Bxe4 32. Rxe4 Rxe7 33. a4 bxa4 34. Rxc4 b5 35. Rc5 Rb7 36. Rxe5 b4 37. Re4 bxc3 38. bxc3 Ra7 39. Kc2 g5 40. h4 h6 41. hxg5 hxg5 42. Re5 Kf7 43. Rxg5 Ke6 44. Rf5 a3 45. Kb1 Ra4 46. Ka2 Rc4 47. f3 Rxc3 48. Rxf4 Ke5 49. Rf5+ Ke6 50. Rf8 Rd3 51. f4 Rd4 52. g5 Rd5 53. Kxa3 Rd4 54. Kb3 Re4 55. Kc3 Ra4 56. Rf6+ Ke7 57. Kd3 Rb4 58. Ke3 Ra4 59. Kf3 Ra3+ 60. Kg4 Ra1 61. Rb6 Rg1+ 62. Kf5 Kf7 63. Rb7+ Kf8 64. Kf6 Kg8 65. f5 Rc1 66. Rb6 Rc8 67. g6 Rf8+ 68. Kg5 Rc8 69. f6 Rc5+ 70. Kh6 Rc8 71. Rb7 Rf8 72. Rg7+ Kh8 73. Rh7+ Kg8 74. f7+ Rxf7 75. Rxf7 Kh8 76. Rf8# 1-0

[Event "Titled Tuesday intern op 30th Apr Early"]
[Site "Chess.com INT"]
[Date "2024.04.30"]
[Round "1"]
[White "Spichkin, Alexander"]
[Black "Prestia, Paris"]
[Result "1-0"]
[WhiteElo "2035"]
[BlackElo "2059"]
[PlyCount "91"]
[EventDate "2024.04.30"]
[EventType "swiss (blitz)"]
[EventRounds "11"]
[EventCountry "USA"]
[SourceTitle "CB19_2024"]
[SourceDate "2024.05.08"]
[SourceVersion "1"]
[SourceVersionDate "2024.05.08"]
[SourceQuality "1"]

1. f4 d5 2. Nf3 Nf6 3. e3 g6 4. Be2 Bg7 5. 0-0 0-0 6. d3 c5 7. Kh1 b6 8. Ne5 Nfd7 9. d4 Nxe5 10. dxe5 Ba6 11. Bxa6 Nxa6 12. Nc3 e6 13. e4 d4 14. Nb5 Nc7 15. Nd6 Ne8 16. Nc4 b5 17. Nd2 f6 18. exf6 Nxf6 19. Qe2 c4 20. e5 Nd5 21. Ne4 Qb6 22. b3 Qc6 23. bxc4 bxc4 24. Rb1 Rab8 25. Rxb8 Rxb8 26. Nd6 Nb6 27. Qg4 Qd5 28. Qg5 d3 29. cxd3 cxd3 30. Bd2 Nc4 31. Nxc4 Qxc4 32. Qe7 Rb2 33. f5 exf5 34. Qe8+ Bf8 35. Bh6 Qf7 36. Qc8 Rc2 37. Qd8 d2 38. e6 Qe7 39. Qd3 Rxa2 40. Bxf8 Kxf8 41. Qb3 Ra6 42. Qb8+ Kg7 43. Qe5+ Kg8 44. Qb8+ Kg7 45. Qb2+ Kf8 46. Qh8# 1-0

[Event "Titled Tuesday intern op 23rd Apr Late"]
[Site "Chess.com INT"]
[Date "2024.04.23"]
[Round "7"]
[White "Prestia, Paris"]
[Black "Ivic, Velimir"]
[Result "0-1"]
[WhiteElo "2059"]
[BlackElo "2582"]
[PlyCount "102"]
[EventDate "2024.04.23"]
[EventType "swiss (blitz)"]
[EventRounds "11"]
[EventCountry "USA"]
[SourceTitle "CB18_2024"]
[SourceDate "2024.05.01"]
[SourceVersion "1"]
[SourceVersionDate "2024.05.01"]
[SourceQuality "2"]

1. Nf3 Nf6 2. d4 d5 3. c4 e6 4. Nc3 Nbd7 5. Bg5 Bb4 6. e3 h6 7. Bxf6 Qxf6 8. Qb3 Bxc3+ 9. Qxc3 c6 10. Be2 0-0 11. 0-0 b6 12. cxd5 exd5 13. Rac1 Bb7 14. Rfd1 Rab8 15. b4 Rbc8 16. Qa3 Rc7 17. Rc3 a5 18. Rdc1 axb4 19. Qxb4 Ra8 20. a4 c5 21. Qb3 c4 22. Qb4 Bc6 23. Ra3 Rca7 24. Rca1 Qd8 25. Nd2 Qf8 26. Qxf8+ Kxf8 27. Nb1 Rxa4 28. Rxa4 Rxa4 29. Rxa4 Bxa4 30. Nc3 Bc6 31. Bf3 Nf6 32. Kf1 Ke7 33. Ke2 Kd6 34. Kd2 g5 35. h3 h5 36. g3 Bd7 37. h4 gxh4 38. gxh4 Bg4 39. Bg2 Bd7 40. Na2 Ng4 41. Ke2 Nh6 42. Nb4 Bg4+ 43. Kd2 Be6 44. Bf3 Ng4 45. Bxg4 Bxg4 46. Ke1 Ke6 47. Kf1 Bf3 48. Kg1 Kf5 49. Kh2 Kg4 50. Nc6 f6 51. Nb4 Kxh4 0-1

[Event "Titled Tuesday intern op 23rd Apr Late"]
[Site "Chess.com INT"]
[Date "2024.04.23"]
[Round "4"]
[White "Prestia, Paris"]
[Black "Ladan, Nicholas John"]
[Result "1-0"]
[WhiteElo "2059"]
[BlackElo "2178"]
[PlyCount "125"]
[EventDate "2024.04.23"]
[EventType "swiss (blitz)"]
[EventRounds "11"]
[EventCountry "USA"]
[SourceTitle "CB18_2024"]
[SourceDate "2024.05.01"]
[SourceVersion "1"]
[SourceVersionDate "2024.05.01"]
[SourceQuality "2"]

1. c4 e5 2. g3 Nc6 3. Bg2 Bc5 4. Nc3 a6 5. Nf3 d6 6. 0-0 Nge7 7. a3 Be6 8. b4 Ba7 9. d3 f6 10. Bd2 0-0 11. Rb1 Qd7 12. Re1 Bh3 13. Bh1 Nf5 14. Nd5 Ncd4 15. e3 Ne6 16. Qc2 c6 17. Nc3 Rac8 18. a4 d5 19. c5 d4 20. Ne4 Rfd8 21. Rb3 dxe3 22. fxe3 Bg4 23. Rc3 Nc7 24. Nf2 Bxf3 25. Bxf3 Nd5 26. Rb3 Nfe7 27. Bg2 Kh8 28. Bh3 f5 29. e4 Nf6 30. Bg5 a5 31. bxa5 Qd4 32. Be3 Qxa4 33. Qb2 Qxa5 34. Ra1 Qc7 35. Rxa7 fxe4 36. Rbxb7 Rb8 37. Rxc7 Rxb2 38. Rxe7 exd3 39. Nxd3 Rxd3 40. Ra8+ Ng8 41. Ree8 Rd1+ 42. Bf1 h6 43. Rxg8+ Kh7 44. Rgf8 Re2 45. Bf2 Rc2 46. Kg2 Rdd2 47. Rad8 Rxd8 48. Rxd8 e4 49. Re8 e3 50. Rxe3 Rxc5 51. Bd3+ Kg8 52. Re8+ Kf7 53. Bg6+ Kxg6 54. Bxc5 h5 55. Re5 h4 56. gxh4 Kh6 57. Rg5 g6 58. Bd4 Kh7 59. h5 c5 60. hxg6+ Kh6 61. g7 cxd4 62. g8Q d3 63. Qg6# 1-0

[Event "New York Marshall op 04"]
[Site "New York"]
[Date "2024.04.15"]
[Round "5"]
[White "Patel, Maahir M"]
[Black "Prestia, Paris"]
[Result "0-1"]
[WhiteElo "1879"]
[BlackElo "2059"]
[PlyCount "70"]
[EventDate "2024.04.13"]
[EventType "swiss"]
[EventRounds "5"]
[EventCountry "USA"]
[SourceTitle "CB18_2024"]
[SourceDate "2024.05.01"]
[SourceVersion "1"]
[SourceVersionDate "2024.05.01"]
[SourceQuality "2"]

1. Nf3 Nf6 2. g3 d5 3. Bg2 c6 4. 0-0 Bf5 5. d4 e6 6. c4 Nbd7 7. Nbd2 h6 8. b3 a5 9. Bb2 a4 10. Re1 Ne4 11. Nxe4 Bxe4 12. Nd2 Bxg2 13. Kxg2 Bb4 14. Qc2 Qa5 15. Rad1 Nf6 16. f3 h5 17. h4 Qb6 18. Bc3 0-0 19. e4 dxe4 20. Nxe4 Nxe4 21. Rxe4 Bxc3 22. Qxc3 axb3 23. axb3 Ra2+ 24. Kh3 Rfa8 25. Re5 R8a3 26. Rb1 Rf2 27. Rxh5 Raa2 28. Rh1 Qd8 29. d5 exd5 30. Qd3 g6 31. Rg5 Qd7+ 32. Rg4 Rad2 33. Qe3 d4 34. Qh6 Qf5 35. Re1 Rh2# 0-1

[Event "Titled Tuesday intern op 02nd Apr Early"]
[Site "Chess.com INT"]
[Date "2024.04.02"]
[Round "2"]
[White "Ruperez Benito, Antonio"]
[Black "Prestia, Paris"]
[Result "1-0"]
[WhiteElo "2333"]
[BlackElo "2059"]
[PlyCount "115"]
[EventDate "2024.04.02"]
[EventType "swiss (blitz)"]
[EventRounds "11"]
[EventCountry "USA"]
[SourceTitle "CB15_2024"]
[SourceDate "2024.04.10"]
[SourceVersion "1"]
[SourceVersionDate "2024.04.10"]
[SourceQuality "1"]

1. e4 c5 2. Nf3 g6 3. d4 cxd4 4. Qxd4 Nf6 5. Nc3 Nc6 6. Qa4 d6 7. e5 dxe5 8. Nxe5 Bd7 9. Nxd7 Qxd7 10. Be3 Bg7 11. Rd1 Qc8 12. Be2 0-0 13. 0-0 a6 14. Qh4 Rd8 15. Rxd8+ Qxd8 16. Rd1 Qa5 17. Bf3 Rd8 18. Rxd8+ Qxd8 19. Qa4 Qc8 20. Bxc6 bxc6 21. Qc4 e6 22. Bd4 Nd5 23. Bxg7 Kxg7 24. g3 Qb7 25. Qd4+ Kg8 26. Ne4 Qb4 27. c4 e5 28. Qd3 Ne7 29. Qd8+ Kg7 30. Nd6 Kf6 31. Kg2 Ke6 32. Ne4 h6 33. a3 Qxc4 34. Qd6+ Kf5 35. Qf6+ Kxe4 36. Qxe7 Qd5 37. Qb4+ Kd3+ 38. Kg1 e4 39. Qc3+ Ke2 40. Qe3+ Kd1 41. Qxh6 Kc2 42. b4 Kb3 43. Qe3+ Qd3 44. Qc5 Qc4 45. Qb6 Kxa3 46. h4 Qxb4 47. Qxa6+ Qa4 48. Qb7 Qc4 49. Qa7+ Kb3 50. Qe3+ Kc2 51. g4 Qd5 52. Kh2 c5 53. Kg3 c4 54. Qe2+ Qd2 55. Qxc4+ Qc3+ 56. Qxc3+ Kxc3 57. h5 gxh5 58. gxh5 1-0

[Event "Titled Tuesday intern op 19th Sep Early"]
[Site "Chess.com INT"]
[Date "2023.09.19"]
[Round "5"]
[White "Balla, Tamas Kristof"]
[Black "Prestia, Paris"]
[Result "0-1"]
[WhiteElo "2308"]
[BlackElo "2059"]
[PlyCount "74"]
[EventDate "2023.09.19"]
[EventType "swiss (blitz)"]
[EventRounds "11"]
[EventCountry "USA"]
[SourceTitle "EXT 2024"]
[Source "ChessBase"]
[SourceDate "2023.10.10"]
[SourceVersion "1"]
[SourceVersionDate "2023.10.10"]
[SourceQuality "1"]

1. e4 c5 2. c3 Nf6 3. e5 Nd5 4. d4 cxd4 5. Nf3 e6 6. cxd4 d6 7. a3 Bd7 8. Bd3 Bc6 9. 0-0 Nd7 10. Qe2 Be7 11. Rd1 h6 12. Nc3 Nxc3 13. bxc3 dxe5 14. dxe5 Qc7 15. Bf4 0-0 16. Nd4 Rfd8 17. Qh5 Nc5 18. Bc2 Be4 19. Bxe4 Nxe4 20. Nb5 Qc5 21. Nd6 Qxf2+ 22. Kh1 Qxf4 23. Rf1 Nf2+ 24. Kg1 Bxd6 25. exd6 Qxd6 26. Rxf2 Rd7 27. h3 Rc8 28. Raf1 Qc5 29. Qh4 Rd2 30. Kh1 Rxf2 31. Rxf2 Qxc3 32. Rf3 Qc1+ 33. Kh2 Qc7+ 34. Rg3 Qe5 35. Kg1 Rc1+ 36. Kh2 Rc3 37. Qd8+ Kh7 0-1

[Event "Titled Tuesday intern op 05th Sep Early"]
[Site "Chess.com INT"]
[Date "2023.09.05"]
[Round "4"]
[White "Maghsoodloo, Parham"]
[Black "Prestia, Paris"]
[Result "1-0"]
[WhiteElo "2707"]
[BlackElo "2059"]
[PlyCount "63"]
[EventDate "2023.09.05"]
[EventType "swiss (blitz)"]
[EventRounds "11"]
[EventCountry "USA"]
[SourceTitle "EXT 2024"]
[Source "ChessBase"]
[SourceDate "2023.10.10"]
[SourceVersion "1"]
[SourceVersionDate "2023.10.10"]
[SourceQuality "1"]

1. e4 c5 2. Nf3 d6 3. Bb5+ Bd7 4. a4 a6 5. Bd3 Nc6 6. c3 Nf6 7. h3 g6 8. 0-0 Bg7 9. Re1 0-0 10. Bf1 e5 11. Na3 Qc7 12. d3 Rfe8 13. Bg5 h6 14. Be3 Rab8 15. Rc1 b5 16. axb5 axb5 17. d4 Na5 18. b4 Nb7 19. Nxb5 Qb6 20. Nxd6 Qxd6 21. bxc5 Qc7 22. Nxe5 Nxc5 23. Bf4 Ne6 24. Bh2 Qa5 25. Nc4 Qg5 26. Nd6 Red8 27. e5 Nd5 28. Qf3 Nef4 29. Kh1 Rb3 30. Bc4 Bc6 31. Bxb3 Nxh3 32. Qxh3 1-0

[Event "Titled Tuesday intern op 05th Sep Early"]
[Site "Chess.com INT"]
[Date "2023.09.05"]
[Round "5"]
[White "Prestia, Paris"]
[Black "Ashraf, Artin"]
[Result "0-1"]
[WhiteElo "2059"]
[BlackElo "2340"]
[PlyCount "38"]
[EventDate "2023.09.05"]
[EventType "swiss (blitz)"]
[EventRounds "11"]
[EventCountry "USA"]
[SourceTitle "EXT 2024"]
[Source "ChessBase"]
[SourceDate "2023.10.10"]
[SourceVersion "1"]
[SourceVersionDate "2023.10.10"]
[SourceQuality "1"]

1. d4 Nf6 2. Bg5 c5 3. Nc3 cxd4 4. Qxd4 Nc6 5. Qh4 b5 6. e4 b4 7. Nd5 Qa5 8. 0-0-0 Qxa2 9. Nc7+ Kd8 10. Nxa8 Qa1+ 11. Kd2 Qxb2 12. Bd3 Qc3+ 13. Ke2 b3 14. Qf4 Nd4+ 15. Kf1 bxc2 16. Bxc2 Ba6+ 17. Ne2 Bxe2+ 18. Kg1 Bxd1 19. Bxd1 Qe1# 0-1

[Event "Titled Tuesday intern op 11th Jul Early"]
[Site "Chess.com INT"]
[Date "2023.07.11"]
[Round "6"]
[White "Prestia, Paris"]
[Black "Andreassen, Lars"]
[Result "1-0"]
[WhiteElo "2059"]
[BlackElo "2168"]
[PlyCount "81"]
[EventDate "2023.07.11"]
[EventType "swiss (blitz)"]
[EventRounds "11"]
[EventCountry "USA"]
[SourceTitle "EXT 2024"]
[Source "ChessBase"]
[SourceDate "2023.10.10"]
[SourceVersion "1"]
[SourceVersionDate "2023.10.10"]
[SourceQuality "1"]

1. d4 d5 2. c4 e6 3. Nc3 c5 4. cxd5 cxd4 5. Qxd4 Nc6 6. Qa4 exd5 7. e3 Nf6 8. Nf3 Be7 9. Be2 0-0 10. 0-0 Be6 11. Rd1 Qd7 12. a3 a6 13. b4 b5 14. Qc2 Rac8 15. Bb2 Rfd8 16. Rac1 h6 17. Qb1 Qa7 18. Nd4 Ne5 19. Nxe6 fxe6 20. Nxb5 axb5 21. Bxe5 Qxa3 22. Bxb5 Rxc1 23. Rxc1 Qxb4 24. Qxb4 Bxb4 25. Rc7 Bd6 26. Bxd6 Rxd6 27. Bd3 e5 28. Bg6 Rd8 29. Re7 d4 30. exd4 exd4 31. Re2 Nd5 32. g3 Kf8 33. Kg2 Ne7 34. Bd3 Kf7 35. Bc4+ Kf8 36. Kf3 Nc6 37. Re6 Ne7 38. Ke4 g6 39. h4 Rd7 40. Rf6+ Ke8 41. Bb5 1-0

[Event "Titled Tuesday intern op 11th Jul Early"]
[Site "Chess.com INT"]
[Date "2023.07.11"]
[Round "9"]
[White "Prestia, Paris"]
[Black "Svane, Frederik"]
[Result "0-1"]
[WhiteElo "2059"]
[BlackElo "2618"]
[PlyCount "78"]
[EventDate "2023.07.11"]
[EventType "swiss (blitz)"]
[EventRounds "11"]
[EventCountry "USA"]
[SourceTitle "EXT 2024"]
[Source "ChessBase"]
[SourceDate "2023.10.10"]
[SourceVersion "1"]
[SourceVersionDate "2023.10.10"]
[SourceQuality "1"]

1. d4 a6 2. e4 c6 3. Nc3 d5 4. Nf3 Bg4 5. exd5 cxd5 6. Bd3 Nc6 7. Ne2 Bxf3 8. gxf3 e6 9. c3 Bd6 10. Rg1 g6 11. Bg5 Qc7 12. h4 Nge7 13. Qd2 0-0-0 14. 0-0-0 Kb8 15. Kb1 Rc8 16. Bf6 Rhe8 17. h5 Na5 18. hxg6 hxg6 19. b3 Nac6 20. Rh1 Ng8 21. Bh4 Nge7 22. Bg3 Rh8 23. Qg5 Nf5 24. Qf6 Rxh1 25. Rxh1 Bxg3 26. fxg3 Nd6 27. g4 Ka8 28. Kb2 Na7 29. a4 b5 30. Ra1 Kb7 31. Qf4 Nc6 32. axb5 axb5 33. b4 e5 34. Qd2 e4 35. fxe4 dxe4 36. Qe3 exd3 37. d5 Nc4+ 38. Kb3 Nxe3 39. dxc6+ Qxc6 0-1

[Event "Titled Tuesday intern op 11th Jul Early"]
[Site "Chess.com INT"]
[Date "2023.07.11"]
[Round "1"]
[White "Sala, Giulia"]
[Black "Prestia, Paris"]
[Result "0-1"]
[WhiteElo "2032"]
[BlackElo "2059"]
[PlyCount "52"]
[EventDate "2023.07.11"]
[EventType "swiss (blitz)"]
[EventRounds "11"]
[EventCountry "USA"]
[SourceTitle "EXT 2024"]
[Source "ChessBase"]
[SourceDate "2023.10.10"]
[SourceVersion "1"]
[SourceVersionDate "2023.10.10"]
[SourceQuality "1"]

1. e4 c5 2. Nf3 d6 3. d4 cxd4 4. Nxd4 Nf6 5. f3 Nc6 6. c4 g6 7. Nc3 Bg7 8. Be3 0-0 9. Be2 Bd7 10. 0-0 Nxd4 11. Bxd4 Bc6 12. Rc1 Nd7 13. b4 b6 14. a4 Rc8 15. Bxg7 Kxg7 16. Qd4+ Kg8 17. f4 a5 18. b5 Bb7 19. Bg4 Rc5 20. Bxd7 Qxd7 21. Nd5 Bxd5 22. cxd5 Rfc8 23. Qd2 Qc7 24. Rxc5 Qxc5+ 25. Kh1 Qc4 26. Qe3 Qxf1+ 0-1

[Event "Titled Tuesday intern op 27th Jun Late"]
[Site "Chess.com INT"]
[Date "2023.06.27"]
[Round "6"]
[White "Gasparyan, Davit"]
[Black "Prestia, Paris"]
[Result "0-1"]
[WhiteElo "2142"]
[BlackElo "2059"]
[PlyCount "30"]
[EventDate "2023.06.27"]
[EventType "swiss (blitz)"]
[EventRounds "11"]
[EventCountry "USA"]
[SourceTitle "EXT 2024"]
[Source "ChessBase"]
[SourceDate "2023.10.10"]
[SourceVersion "1"]
[SourceVersionDate "2023.10.10"]
[SourceQuality "1"]

1. d4 Nf6 2. c4 e6 3. Nf3 c5 4. Bf4 cxd4 5. Nxd4 e5 6. Bxe5 Qa5+ 7. Nc3 Qxe5 8. e3 Nc6 9. Ndb5 a6 10. Na3 Bxa3 11. Qc2 Bb4 12. Be2 Ne4 13. 0-0 Nxc3 14. bxc3 Qxc3 15. Rad1 Qxc2 0-1

[Event "Titled Tuesday intern op 27th Jun Late"]
[Site "Chess.com INT"]
[Date "2023.06.27"]
[Round "8"]
[White "Hernando Rodrigo, Julio Antonio"]
[Black "Prestia, Paris"]
[Result "1-0"]
[WhiteElo "2240"]
[BlackElo "2059"]
[PlyCount "138"]
[EventDate "2023.06.27"]
[EventType "swiss (blitz)"]
[EventRounds "11"]
[EventCountry "USA"]
[SourceTitle "EXT 2024"]
[Source "ChessBase"]
[SourceDate "2023.10.10"]
[SourceVersion "1"]
[SourceVersionDate "2023.10.10"]
[SourceQuality "1"]

1. d4 Nf6 2. c4 e6 3. Nf3 c5 4. Nc3 cxd4 5. Nxd4 Bb4 6. Nc2 Bxc3+ 7. bxc3 0-0 8. g3 b6 9. Bg2 Nc6 10. Ba3 Re8 11. c5 Bb7 12. cxb6 axb6 13. Bd6 Na5 14. 0-0 Bxg2 15. Kxg2 Qc8 16. Be5 Nc4 17. Bxf6 Qc6+ 18. Kg1 gxf6 19. Qd4 f5 20. Nb4 Qc7 21. Nd3 d5 22. Qh4 Qe7 23. Qh5 Qf6 24. Nf4 Qxc3 25. Qh4 Kh8 26. Nh5 Rg8 27. Rfc1 Qe5 28. Rab1 Rg4 29. Qe7 Rg7 30. Nxg7 Kxg7 31. a3 Qxe2 32. Qg5+ Kh8 33. Qf6+ Kg8 34. Qg5+ Kf8 35. Qh6+ Ke7 36. Qh4+ Ke8 37. Qxh7 Rxa3 38. Qh8+ Ke7 39. Qh4+ Ke8 40. Qh8+ Kd7 41. Qf8 Ra2 42. Qxf7+ Kd6 43. Rxb6+ Kc5 44. Qc7+ Kd4 45. Qf4+ Kc5 46. Rb7 e5 47. Qxf5 Kd4 48. Rbb1 Rd2 49. Re1 Qd3 50. Qxd3+ Kxd3 51. h4 e4 52. h5 Ne5 53. Red1 d4 54. Rxd2+ Kxd2 55. h6 e3 56. fxe3 dxe3 57. h7 Ng6 58. Kf1 Nh8 59. Re1 Ng6 60. g4 Nh8 61. Re2+ Kd3 62. Ra2 Ng6 63. Ra8 Kd2 64. Rd8+ Kc3 65. h8Q+ Nxh8 66. Rxh8 Kd3 67. Re8 Kd2 68. g5 e2+ 69. Rxe2+ Kd3 1-0

[Event "Titled Tuesday intern op 27th Jun Late"]
[Site "Chess.com INT"]
[Date "2023.06.27"]
[Round "3"]
[White "Sjugirov, Sanan"]
[Black "Prestia, Paris"]
[Result "1-0"]
[WhiteElo "2699"]
[BlackElo "2059"]
[PlyCount "89"]
[EventDate "2023.06.27"]
[EventType "swiss (blitz)"]
[EventRounds "11"]
[EventCountry "USA"]
[SourceTitle "EXT 2024"]
[Source "ChessBase"]
[SourceDate "2023.10.10"]
[SourceVersion "1"]
[SourceVersionDate "2023.10.10"]
[SourceQuality "1"]

1. d4 Nf6 2. c4 e6 3. Nc3 d5 4. cxd5 exd5 5. Bg5 c6 6. e3 h6 7. Bh4 Bd6 8. Bd3 0-0 9. Nge2 Re8 10. Qc2 a5 11. Bg3 Na6 12. a3 Nc7 13. 0-0 Ne6 14. Bxd6 Qxd6 15. Ng3 g6 16. Rae1 Ng7 17. f3 h5 18. Qf2 Be6 19. h3 Rad8 20. Bc2 Nh7 21. Nge2 Nf8 22. e4 dxe4 23. fxe4 Re7 24. e5 Qc7 25. Ne4 Bf5 26. Nf6+ Kh8 27. Qf4 g5 28. Qc1 Bxc2 29. Qxc2 c5 30. Rc1 Rc8 31. Nd5 Qd8 32. Nxe7 Qxe7 33. b4 axb4 34. axb4 b6 35. bxc5 bxc5 36. Qe4 Nd7 37. Ng3 Qe6 38. Nf5 Nxf5 39. Qxf5 Qxf5 40. Rxf5 Kg7 41. Rxg5+ Kf8 42. Rxh5 Ke7 43. dxc5 Rc6 44. Rg5 Nxc5 45. e6 1-0

[Event "Titled Tuesday intern op 27th Jun Late"]
[Site "Chess.com INT"]
[Date "2023.06.27"]
[Round "2"]
[White "Zampronha, Wladimir Camilo"]
[Black "Prestia, Paris"]
[Result "0-1"]
[WhiteElo "2176"]
[BlackElo "2059"]
[PlyCount "54"]
[EventDate "2023.06.27"]
[EventType "swiss (blitz)"]
[EventRounds "11"]
[EventCountry "USA"]
[SourceTitle "EXT 2024"]
[Source "ChessBase"]
[SourceDate "2023.10.10"]
[SourceVersion "1"]
[SourceVersionDate "2023.10.10"]
[SourceQuality "1"]

1. e4 c5 2. Nf3 d6 3. d4 cxd4 4. Nxd4 Nf6 5. Nc3 Bd7 6. Bg5 Nc6 7. Qd2 a6 8. 0-0-0 e6 9. f4 b5 10. Nxc6 Bxc6 11. e5 dxe5 12. Qxd8+ Rxd8 13. Rxd8+ Kxd8 14. fxe5 h6 15. Bh4 g5 16. Bg3 Nh5 17. Bd3 Nxg3 18. hxg3 Bg7 19. Re1 Bxg2 20. Be4 Bxe4 21. Nxe4 Bxe5 22. Nc5 Bxg3 23. Rd1+ Ke7 24. Nxa6 Bd6 25. c3 Ra8 26. Nb4 Bxb4 27. cxb4 Rxa2 0-1

[Event "Titled Tuesday intern op 06th Jun Early"]
[Site "Chess.com INT"]
[Date "2023.06.06"]
[Round "4"]
[White "Lenderman, Aleksandr"]
[Black "Prestia, Paris"]
[Result "1-0"]
[WhiteElo "2566"]
[BlackElo "2059"]
[PlyCount "131"]
[EventDate "2023.06.06"]
[EventType "swiss (blitz)"]
[EventRounds "11"]
[EventCountry "USA"]
[SourceTitle "EXT 2024"]
[Source "ChessBase"]
[SourceDate "2023.10.10"]
[SourceVersion "1"]
[SourceVersionDate "2023.10.10"]
[SourceQuality "1"]

1. Nf3 Nf6 2. c4 c5 3. Nc3 Nc6 4. g3 g6 5. Bg2 Bg7 6. 0-0 0-0 7. d4 cxd4 8. Nxd4 Nxd4 9. Qxd4 d6 10. Qd3 a6 11. Be3 Qc7 12. Rac1 Be6 13. b3 Rac8 14. Rfd1 Bf5 15. Qd2 Rfd8 16. Bd4 Be6 17. Qe3 Ng4 18. Qe4 Bxd4 19. Qxd4 Nf6 20. h4 Qa5 21. Bxb7 Rc7 22. Bg2 Rdc8 23. e4 h5 24. Rc2 Qb4 25. Nd5 Bxd5 26. exd5 a5 27. Qc3 Ng4 28. Qxb4 axb4 29. Bh3 Ra8 30. Bxg4 hxg4 31. Rd4 Rca7 32. Rxg4 Rxa2 33. Rxa2 Rxa2 34. h5 Rb2 35. hxg6 Rxb3 36. Re4 Rc3 37. Rxe7 fxg6 38. Kg2 Rxc4 39. Re6 Kf7 40. Rxd6 b3 41. Rb6 Rd4 42. Rxb3 Rxd5 43. Kh3 Kf6 44. Rb6+ Kg5 45. f4+ Kh6 46. Kh4 Kg7 47. Re6 Rh5+ 48. Kg4 Ra5 49. Re5 Ra3 50. Kh4 Rb3 51. Ra5 Kh6 52. Ra7 Rb1 53. Ra6 Rh1+ 54. Kg4 Rf1 55. Rf6 Kg7 56. Kg5 Rf3 57. Rxg6+ Kf7 58. Rf6+ Kg7 59. g4 Ra3 60. f5 Ra4 61. Rb6 Rc4 62. Rb7+ Kf8 63. Kh5 Rc6 64. g5 Rc1 65. Kg6 Rc6+ 66. f6 1-0